[Event "SVR-op 34th"]
[Site "Reil"]
[Date "2011.04.21"]
[Round "4"]
[White "Anetsberger, Carlos"]
[Black "Paulus, Arno"]
[Result "1-0"]
[WhiteElo "1685"]
[BlackElo "1366"]
[PlyCount "55"]
[EventDate "2011.04.16"]
[EventType "swiss"]
[EventRounds "7"]
[EventCountry "GER"]
[SourceTitle "EXT 2013"]
[Source "ChessBase"]
[SourceDate "2012.11.22"]
[SourceVersion "1"]
[SourceVersionDate "2012.11.22"]
[SourceQuality "1"]

1. Nf3 Nc6 2. c4 Nf6 3. g3 e6 4. Bg2 Be7 5. 0-0 0-0 6. d4 d5 7. b3 b6 8. Nc3 Bb7 9. cxd5 Nxd5 10. Nxd5 exd5 11. Bf4 Bd6 12. Qd2 Ne7 13. Rac1 f6 14. Rc2 Bxf4 15. Qxf4 c6 16. Re1 Re8 17. h4 Qd7 18. Kh2 Ng6 19. Qc1 Qd6 20. h5 Ne7 21. Nh4 Kf7 22. e4 dxe4 23. Rxe4 g6 24. Rce2 g5 25. Qc4+ Nd5 26. Nf5 Qb4 27. Qxb4 Nxb4 28. Nd6+ 1-0

[Event "SVR-op 34th"]
[Site "Reil"]
[Date "2011.04.17"]
[Round "3"]
[White "Paulus, Arno"]
[Black "Doetsch, Dorothee"]
[Result "1-0"]
[WhiteElo "1366"]
[BlackElo "1500"]
[PlyCount "59"]
[EventDate "2011.04.16"]
[EventType "swiss"]
[EventRounds "7"]
[EventCountry "GER"]
[SourceTitle "EXT 2013"]
[Source "ChessBase"]
[SourceDate "2012.11.22"]
[SourceVersion "1"]
[SourceVersionDate "2012.11.22"]
[SourceQuality "1"]

1. d4 d5 2. c4 Nf6 3. cxd5 Nxd5 4. e4 Nb6 5. Nf3 N8d7 6. Bf4 e6 7. Bd3 Be7 8. 0-0 0-0 9. Nc3 a6 10. Rc1 Nf6 11. Bb1 Nc4 12. Qc2 g6 13. e5 Nh5 14. Bh6 Re8 15. g4 Ng7 16. Ne4 Qd5 17. Qxc4 Qxc4 18. Rxc4 c6 19. Nf6+ Bxf6 20. exf6 Nf5 21. gxf5 exf5 22. Ne5 Be6 23. Rc3 Rad8 24. Rd1 Bd5 25. a3 a5 26. Bc2 b5 27. Bb3 Bxb3 28. Rxb3 Re6 29. Rc3 Rxf6 30. Bg5 1-0